000 01249nam a22003254a 4500
001 ebr10047812
003 CaPaEBR
006 m u
007 cr cn|||||||||
008 020313s2002 nyua sb 001 0 eng
010 _z 2002020947
020 _z0387954759 (softcover : alk. paper)
040 _aCaPaEBR
_cCaPaEBR
035 _a(OCoLC)559429387
050 1 4 _aQA276.4
_b.D33 2002eb
082 0 4 _a519.5
_221
100 1 _aDalgaard, Peter.
245 1 0 _aIntroductory statistics with R
_h[electronic resource] /
_cPeter Dalgaard.
260 _aNew York :
_bSpringer,
_cc2002.
300 _axv, 267 p. :
_bill.
490 1 _aStatistics and computing
504 _aIncludes bibliographical references (p. [259]-260) and index.
533 _aElectronic reproduction.
_bPalo Alto, Calif. :
_cebrary,
_d2013.
_nAvailable via World Wide Web.
_nAccess may be limited to ebrary affiliated libraries.
650 0 _aStatistics
_xData processing.
650 0 _aR (Computer program language)
655 7 _aElectronic books.
_2local
710 2 _aebrary, Inc.
830 0 _aStatistics and computing.
856 4 0 _uhttp://site.ebrary.com/lib/rucke/Doc?id=10047812
_zAn electronic book accessible through the World Wide Web; click to view
999 _c181066
_d181066